| 000 | 00741nam a2200265 a 4500 | ||
|---|---|---|---|
| 999 |
_c8080 _d8080 |
||
| 001 | 8080 | ||
| 003 | BD - JhCC | ||
| 005 | 20180218122415.0 | ||
| 008 | 500101r19921963enkac 001 0 eng d | ||
| 020 | _a0340552042 | ||
| 035 | _a(BD - JhCC)8080 | ||
| 040 |
_aBD-JhCC _dBD-JhCC |
||
| 041 | _aeng | ||
| 082 |
_a792.092 _220 _bGIE 1963 |
||
| 100 | 1 |
_aGielgud, John, _d1904-2000. |
|
| 245 | 1 | 0 |
_aStage directions / _cJohn Gielgud |
| 260 |
_aLondon : _bSceptre, _c1992, c1963 |
||
| 300 |
_axiv, 146 p, [8] p of plates : _bill ; _c20 cm |
||
| 500 | _aOriginally published: London : Heinemann, 1963 | ||
| 504 | _aIncludes index | ||
| 600 | 1 | 0 |
_aGielgud, John, _d1904-2000. |
| 650 | 0 |
_aDrama _xTechnique |
|
| 942 |
_2ddc _cBK |
||